Przywódcy światowi 2001.01.01. - Statystyki

Ogólne statystyki
  • Ten quiz został rozwiązany 13 razy
  • Średni wynik to 6 z 13
Statystyki odpowiedzi
Nr Państwo i funkcja lidera/ów Przywódca/y % Poprawnych
1. Stany Zjednoczone (prezydent) Bill Clinton
92%
8. Rosja (prezydent) Władimir Putin
92%
4. Wielka Brytania (król lub premier) Elżbieta II i Tony Blair
85%
12. Białoruś (prezydent) Alaksandr Łukaszenka
69%
3. Niemcy (prezydent lub kanclerz) Johannes Rau i Gerhard Schröder
54%
9. Ukraina (prezydent lub premier) Łeonid Kuczma i Wiktor Juszczenko
54%
5. Francja (prezydent) Jacques Chirac
46%
10. Czechy (prezydent lub premier) Václav Havel i Miloš Zeman
46%
2. Japonia (cesarz lub premier) Akihito i Yoshirō Mori
31%
6. Chiny (przewodniczący) Jiang Zemin
15%
13. Litwa (prezydent lub premier) Valdas Adamkus i Rolandas Paksas
15%
7. Włochy (prezydent lub premier) Carlo Azeglio Ciampi i Giuliano Amato
0%
11. Słowacja (prezydent lub premier) Rudolf Schuster i Mikuláš Dzurinda
0%
Nie znaleziono quizów pasujących do podanych kryteriów
Rozkład punktacji
Procent ludzi z każdym wynikiem
Percentyl według liczby udzielonych odpowiedzi
Twoja historia wyników
Nie rozwiązałeś tego quizu